000
00308nam a22001217a 4500
040
_c
rua
082
_a
519 STA 2011 A005 Or.
100
_a
StataCorp LP
245
_a
Stata : statistics, graphics, data management : release 12
260
_a
phnom penh
_b
rua
_c
2011
300
_a
iii.365p.
_b
ill.
942
_c
REC
999
_c
21503
_d
21503